Normal view
MARC view
- Zheng, Liran.
Entry Personal Name
001 - CONTROL NUMBER
- control field: 51382
003 - CONTROL NUMBER IDENTIFIER
- control field: OSt
005 - DATE AND TIME OF LATEST TRANSACTION
- control field: 20240205102214.0
008 - FIXED-LENGTH DATA ELEMENTS
- fixed length control field: 240205|| aca||aabn | a|a d
040 ## - CATALOGING SOURCE
- Original cataloging agency: OSt
- Transcribing agency: OSt
100 ## - HEADING--PERSONAL NAME
- Personal name: Zheng, Liran.
- Relator term: author.
670 ## - SOURCE DATA FOUND
- Source citation: Work cat.: (OSt): Zheng, Liran. author., Current-source solid-state DC transformer integrating LVDC microgrid, energy storage, and renewable energy into MVDC grid /, January 2022.
